000 00737nam a2200241 i 4500
001 52611
003 ES-MaACL
005 20250815085323.0
007 t|
008 030901s1979 sp ||||1| spa d
100 1 _aDavis, Raymond E.
_942985
245 1 0 _aTratado de topografía /
_cRaymond E. Davis, [Francis Foote, Kelly].
250 _a[3ª ed., 3ª reimp.].
260 _a[Madrid :
_bAguilar,
_c1979]
300 _aXXIV, 977 p., 2 lám. :
_bil. ;
_c22 cm.
490 1 _aCiencia y técnica
650 4 _aTopografía.
_9136936
700 1 _aFoote, Francis S.
_951664
700 1 _aKelly, Joe W.
_9162531
830 0 0 _aCiencia y técnica
_9177702
852 _aES-MaACL
_jA-10584
_bR.99617
999 _c52611
_d52611